Statistics for Countries Closest to North America A-Z

Click here to take the quiz!

General Stats

  • This quiz has been taken 431 times
    (343 since last reset)
  • The average score is 19 of 24

Answer Stats

Country % Correct
BBrazil
95%
CColombia
94%
AArgentina
93%
VVenezuela
93%
YYemen
89%
QQatar
89%
DDenmark
88%
RRussia
88%
PPeru
87%
ZZambia
87%
UUnited Kingdom
86%
OOman
86%
EEcuador
86%
JJapan
84%
IIceland
83%
GGuyana
83%
SSuriname
80%
FFinland
70%
HHungary
68%
NNorway
61%
KKazakhstan
47%
LLuxembourg
45%
TTunisia
42%
MMonaco
37%

Score Distribution

Percentile by Number Answered

Percent of People with Each Score

Your Score History

You have not taken this quiz since the last reset